[Event "European Youth Chess Championship B12"]
[Site "Prague, Top Hotel Prague"]
[Date "2016.08.22"]
[Round "5.68"]
[White "Wartiovaara, Oliver"]
[Black "Nesse, David"]
[Result "1-0"]
[WhiteElo "1514"]
[BlackElo "1602"]
[PlyCount "45"]
[EventDate "2016.08.18"]

1. c4 c5 2. Nc3 Nc6 3. Nf3 g6 4. g3 Bg7 5. Bg2 e6 6. e3 Nge7 7. O-O O-O 8. Qc2
b6 9. d3 Bb7 10. Rb1 d6 11. b4 Qd7 12. Rd1 Nf5 13. Ne2 Rae8 14. bxc5 dxc5 15.
d4 cxd4 16. exd4 Nfxd4 17. Nfxd4 Nxd4 18. Nxd4 Bxg2 19. Kxg2 Bxd4 20. f3 e5 21.
Bh6 Qd6 22. Bxf8 Qxf8 23. Qa4 1-0

[Event "European Youth Chess Championship B12"]
[Site "Prague, Top Hotel Prague"]
[Date "2016.08.22"]
[Round "5.69"]
[White "Lamblin, Alexandre"]
[Black "Stagno, Matteo"]
[Result "1/2-1/2"]
[WhiteElo "1594"]
[BlackElo "1142"]
[PlyCount "54"]
[EventDate "2016.08.18"]

1. d4 d5 2. Nf3 e6 3. c4 b6 4. Nc3 c5 5. e3 Nf6 6. Be2 Be7 7. O-O O-O 8. Bd2
cxd4 9. Nxd4 e5 10. Nf3 Nc6 11. cxd5 Nxd5 12. Nxd5 Qxd5 13. Bc3 Qe6 14. Qc2 Bb7
15. Rfd1 Rfd8 16. Rac1 Qxa2 17. Nxe5 Nxe5 18. Bxe5 Rac8 19. Rxd8+ Rxd8 20. Bc4
Qa5 21. Qf5 Bd5 22. Qg4 f6 23. Bc3 Qc5 24. Bxd5+ Qxd5 25. Bd4 Rd7 26. h3 b5 27.
Qg3 a5 1/2-1/2

[Event "European Youth Chess Championship B12"]
[Site "Prague, Top Hotel Prague"]
[Date "2016.08.22"]
[Round "5.72"]
[White "Kien, Clovis"]
[Black "Sebesta, Jan"]
[Result "1-0"]
[WhiteElo "1336"]
[BlackElo "1557"]
[PlyCount "50"]
[EventDate "2016.08.18"]

1. e4 d5 2. exd5 Qxd5 3. Nf3 Bg4 4. Be2 Nf6 5. d4 Nc6 6. O-O e6 7. c4 Qd7 8.
Be3 Be7 9. Nc3 h6 10. Qd3 O-O 11. Rfd1 Qc8 12. a3 Nb8 13. h3 Bxf3 14. Bxf3 c6
15. d5 e5 16. d6 Bd8 17. c5 Nfd7 18. Qc2 f5 19. b4 e4 20. Be2 b6 21. Bc4+ Kh8
22. Ne2 Ne5 23. Nf4 Nxc4 24. Ng6+ Kg8 25. Qxc4+ Rf7 1-0

[Event "European Youth Chess Championship B12"]
[Site "Prague, Top Hotel Prague"]
[Date "2016.08.22"]
[Round "5.74"]
[White "Winkin, Jos"]
[Black "Tajovsky, Matej"]
[Result "1-0"]
[WhiteElo "1247"]
[BlackElo "1584"]
[PlyCount "57"]
[EventDate "2016.08.18"]

1. e4 c5 2. d4 cxd4 3. Nf3 d6 4. Nxd4 Nf6 5. Bd3 Nc6 6. Nxc6 bxc6 7. O-O e5 8.
c4 Be7 9. Nc3 O-O 10. h3 Be6 11. f4 Qa5 12. Bd2 Qc5+ 13. Kh1 Bxc4 14. Bxc4 Qxc4
15. Qf3 exf4 16. Bxf4 Qc5 17. Rac1 Qa5 18. Rce1 Nh5 19. Nd5 cxd5 20. Qxh5 Qxa2
21. exd5 Qc4 22. Qf3 Bf6 23. Bxd6 Rfd8 24. Be7 Re8 25. d6 h5 26. d7 Reb8 27.
Bxf6 gxf6 28. Qxf6 Rd8 29. Rf3 1-0

[Event "European Youth Chess Championship B12"]
[Site "Prague, Top Hotel Prague"]
[Date "2016.08.22"]
[Round "5.75"]
[White "Slivka, David"]
[Black "Keprt, Tomas"]
[Result "1/2-1/2"]
[WhiteElo "1524"]
[BlackElo "1567"]
[PlyCount "93"]
[EventDate "2016.08.18"]

1. e4 c5 2. Nf3 Nc6 3. d4 cxd4 4. Nxd4 d6 5. Nc3 Nf6 6. Be3 g6 7. f3 Bg7 8. Qd2
O-O 9. g4 Nxd4 10. Bxd4 a6 11. h4 b5 12. h5 e5 13. Be3 Ne8 14. Bh6 Qf6 15. Be2
Bxh6 16. Qxh6 g5 17. Qxf6 Nxf6 18. Rd1 Re8 19. Nd5 Nxd5 20. Rxd5 Be6 21. Rd2 h6
22. Kf2 Kf8 23. Rc1 Rac8 24. Ke3 Ke7 25. c4 Rc7 26. Rdc2 Rec8 27. b3 b4 28. Kd2
a5 29. Kd1 Kd7 30. Kd2 Kc6 31. Ke3 Kc5 32. Kd3 Ra7 33. Rb2 a4 34. Rbc2 axb3 35.
axb3 Ra3 36. Rb2 Rca8 37. Rcb1 Ra2 38. Ke3 R8a3 39. Rxa2 Rxa2 40. Kd3 Ra3 41.
Ke3 f6 42. Bd3 Ra2 43. Be2 Ra3 44. Bd3 Bd7 45. Be2 Ba4 46. Bd1 Be8 47. Be2
1/2-1/2

[Event "European Youth Chess Championship B12"]
[Site "Prague, Top Hotel Prague"]
[Date "2016.08.22"]
[Round "5.76"]
[White "Kusa, Jakub"]
[Black "Petrek, David"]
[Result "1/2-1/2"]
[WhiteElo "1567"]
[BlackElo "1463"]
[PlyCount "46"]
[EventDate "2016.08.18"]

1. e4 e5 2. Nf3 Nc6 3. Bb5 f5 4. Nc3 fxe4 5. Nxe4 Nf6 6. Nxf6+ Qxf6 7. Qe2 d6
8. d4 Bd7 9. Bxc6 Bxc6 10. dxe5 dxe5 11. Nxe5 O-O-O 12. Nxc6 Qxc6 13. O-O Bc5
14. Re1 Kb8 15. Bf4 Rhe8 16. Qh5 h6 17. Rad1 Rxe1+ 18. Rxe1 Qb6 19. Re8 Bxf2+
20. Kf1 Bh4 21. Rxd8+ Bxd8 22. Be5 Qb5+ 23. Kg1 a6 1/2-1/2

[Event "European Youth Chess Championship B12"]
[Site "Prague, Top Hotel Prague"]
[Date "2016.08.22"]
[Round "5.77"]
[White "Aslanov, Samad"]
[Black "Stastny, Jakub"]
[Result "1/2-1/2"]
[WhiteElo "1529"]
[BlackElo "1376"]
[PlyCount "70"]
[EventDate "2016.08.18"]

1. e4 c5 2. Nf3 Nc6 3. d4 cxd4 4. Nxd4 Nf6 5. Nc3 e5 6. Ndb5 d6 7. Bg5 a6 8.
Na3 b5 9. Nd5 Be7 10. Bxf6 Bxf6 11. c3 O-O 12. Nc2 g6 13. Be2 Bg7 14. O-O Bb7
15. Qd3 Ne7 16. Ncb4 Nxd5 17. Nxd5 Bxd5 18. Qxd5 Qe7 19. Rad1 Rfd8 20. Rd3 Rac8
21. Rfd1 Qa7 22. Qb3 Bf8 23. Rd5 Rc5 24. Qa3 Rxd5 25. Rxd5 Qb7 26. Qb3 Rc8 27.
c4 b4 28. Qd3 Rc5 29. Kf1 Rxd5 30. Qxd5 Qxd5 31. cxd5 a5 32. Bd1 Be7 33. Ke2
Kf8 34. Kd3 Bd8 35. Kc4 Ke7 1/2-1/2

[Event "European Youth Chess Championship B12"]
[Site "Prague, Top Hotel Prague"]
[Date "2016.08.22"]
[Round "5.78"]
[White "Veres, Simon"]
[Black "Spada, Dario"]
[Result "1-0"]
[WhiteElo "1514"]
[BlackElo "1132"]
[PlyCount "39"]
[EventDate "2016.08.18"]

1. e4 e6 2. d4 d5 3. Nd2 dxe4 4. Nxe4 Nd7 5. Nf3 Ngf6 6. Nxf6+ Nxf6 7. c3 Be7
8. Bd3 O-O 9. O-O b6 10. Bg5 Bb7 11. Bc2 c5 12. Re1 Bxf3 13. Qxf3 cxd4 14. Rad1
Qc7 15. Rxd4 h6 16. Bxf6 Bxf6 17. Rg4 Rad8 18. Qxf6 g6 19. Bxg6 fxg6 20. Rxg6+
1-0

[Event "European Youth Chess Championship B12"]
[Site "Prague, Top Hotel Prague"]
[Date "2016.08.24"]
[Round "6.1"]
[White "Bjerre, Jonas"]
[Black "Gharibyan, Mamikon"]
[Result "1/2-1/2"]
[WhiteElo "2382"]
[BlackElo "2194"]
[PlyCount "77"]
[EventDate "2016.08.18"]

1. e4 e6 2. d4 d5 3. Nd2 c5 4. Ngf3 cxd4 5. Nxd4 Nc6 6. Bb5 Bd7 7. Nxc6 bxc6 8.
Bd3 Bc5 9. Nb3 Bb6 10. O-O Ne7 11. Bf4 O-O 12. c4 a5 13. Rc1 a4 14. Nd2 Re8 15.
Bc2 Bd4 16. Rb1 a3 17. b4 e5 18. Nb3 dxc4 19. Nxd4 exf4 20. Qe2 Nf5 21. Nxf5
Bxf5 22. Qxc4 Be6 23. Qc3 Bxa2 24. Ra1 Be6 25. Rxa3 Rxa3 26. Qxa3 Qd2 27. Qc1
Qxb4 28. Qxf4 c5 29. h4 h6 30. h5 Rd8 31. Qe3 c4 32. Rb1 Qe7 33. e5 Qh4 34. Rd1
Re8 35. Qf3 Qg4 36. Qxg4 Bxg4 37. Rd4 Bxh5 38. Rxc4 g5 39. Rc5 1/2-1/2

[Event "European Youth Chess Championship B12"]
[Site "Prague, Top Hotel Prague"]
[Date "2016.08.24"]
[Round "6.2"]
[White "Kochavi, Ori"]
[Black "Suleymanli, Aydin"]
[Result "0-1"]
[WhiteElo "2038"]
[BlackElo "2145"]
[PlyCount "146"]
[EventDate "2016.08.18"]

1. e4 e6 2. d4 d5 3. Nd2 Nf6 4. e5 Nfd7 5. Bd3 c5 6. c3 Nc6 7. Ne2 cxd4 8. cxd4
f6 9. exf6 Nxf6 10. Nf3 Qc7 11. O-O Bd6 12. Ng3 O-O 13. Re1 Bd7 14. a3 Rae8 15.
b4 e5 16. b5 Nxd4 17. Nxd4 exd4 18. Rxe8 Rxe8 19. Bb2 Be5 20. Rc1 Qb6 21. Qb3
Kh8 22. a4 a6 23. Ba3 axb5 24. axb5 Bf4 25. Rf1 Bd6 26. Bb2 Bc5 27. Bc1 Qd6 28.
f3 Bb6 29. Bd2 Rc8 30. Re1 Ra8 31. Qb1 Ba5 32. Qa1 Qb6 33. Qa4 Qd8 34. Ra1 b6
35. Bg5 h6 36. Bd2 Qe7 37. Qxd4 Qe8 38. Bxa5 Rxa5 39. Rxa5 Qe1+ 40. Nf1 Qxa5
41. Qb2 Kg8 42. Qb3 Kf8 43. Qb2 Kf7 44. Qb3 Qa1 45. Qb4 Qc1 46. Qb3 Qc5+ 47.
Kh1 Be6 48. Qb1 Ke7 49. Ng3 Kd6 50. Ne2 Nd7 51. Nf4 Bf7 52. Bf1 Ne5 53. h3 g5
54. Nd3 Bg6 55. Qb2 Bxd3 56. Bxd3 Nxd3 57. Qf6+ Kc7 58. Qg7+ Kb8 59. Qh8+ Qc8
60. Qxh6 Qc1+ 61. Kh2 Qc7+ 62. Kh1 Qd8 63. Qg6 Nc5 64. Qf5 d4 65. Qe5+ Kb7 66.
Qg7+ Ka8 67. h4 gxh4 68. f4 d3 69. Qa1+ Kb7 70. f5 d2 71. Qd1 Ne4 72. Kh2 Qc7+
73. Kg1 Qc1 0-1

[Event "European Youth Chess Championship B12"]
[Site "Prague, Top Hotel Prague"]
[Date "2016.08.24"]
[Round "6.3"]
[White "Nguyen, Alex Dac-Vuong"]
[Black "Larkin, Vladislav"]
[Result "1/2-1/2"]
[WhiteElo "2069"]
[BlackElo "1932"]
[PlyCount "90"]
[EventDate "2016.08.18"]

1. e4 e5 2. Nf3 Nf6 3. d4 Nxe4 4. Bd3 d5 5. Nxe5 Nd7 6. Nxd7 Bxd7 7. O-O Bd6 8.
Nc3 Nxc3 9. bxc3 O-O 10. Qh5 f5 11. Re1 Qf6 12. Bg5 Qf7 13. Qxf7+ Rxf7 14. c4
Bb4 15. Re2 Bc3 16. Rb1 Bc6 17. cxd5 Bxd5 18. Re5 Bxa2 19. Rxb7 Bxd4 20. Ra5
Be6 21. Rb1 f4 22. Ra4 c5 23. Re1 Bd5 24. Ra6 c4 25. Bf1 Rf5 26. h4 h6 27. Be7
Re8 28. Rd6 Bc3 29. Rd1 Bf7 30. Rd8 Rxd8 31. Rxd8+ Kh7 32. Rc8 Re5 33. Bxc4
Bxc4 34. Rxc4 Re1+ 35. Kh2 Rxe7 36. Rxc3 Re4 37. Ra3 f3 38. Rxf3 Rxh4+ 39. Kg3
Rc4 40. Ra3 Rxc2 41. Rxa7 Rc3+ 42. f3 Rc2 43. Ra6 h5 44. Kh3 g6 45. f4 Rc3+
1/2-1/2

[Event "European Youth Chess Championship B12"]
[Site "Prague, Top Hotel Prague"]
[Date "2016.08.24"]
[Round "6.4"]
[White "Czopor, Maciej"]
[Black "Oglaza, Oskar"]
[Result "0-1"]
[WhiteElo "2025"]
[BlackElo "2128"]
[PlyCount "94"]
[EventDate "2016.08.18"]

1. e4 c5 2. Nf3 d6 3. d4 Nf6 4. Nc3 cxd4 5. Nxd4 a6 6. Be2 e6 7. a4 Qc7 8. O-O
b6 9. f4 Bb7 10. Bf3 Nbd7 11. Qe2 Rc8 12. Be3 Be7 13. Bf2 O-O 14. g4 g6 15. g5
Ne8 16. Bg4 Ng7 17. Rae1 Rce8 18. Qe3 e5 19. Nf3 f5 20. gxf6 exf4 21. Qxf4 Nxf6
22. Qg3 Ngh5 23. Bxh5 Nxh5 24. Qg2 Bf6 25. Nd4 Nf4 26. Qg3 Be5 27. Qe3 d5 28.
Bg3 dxe4 29. Nce2 Nxe2+ 30. Nxe2 Rxf1+ 31. Rxf1 Bxg3 32. Nxg3 Qxc2 33. Qxb6 Qc6
34. Qxc6 Bxc6 35. Rf6 Bxa4 36. Rxa6 Bc2 37. Ra1 h5 38. Re1 Kg7 39. Re3 Kf6 40.
Kf2 Bd3 41. Ke1 Ke5 42. Ne2 Rb8 43. Nc1 Kd4 44. Rg3 h4 45. Rxg6 Rxb2 46. Rd6+
Ke3 47. Nxd3 Rb1+ 0-1

[Event "European Youth Chess Championship B12"]
[Site "Prague, Top Hotel Prague"]
[Date "2016.08.24"]
[Round "6.5"]
[White "Kacharava, Nikolozi"]
[Black "Mitev, Valentin"]
[Result "1-0"]
[WhiteElo "2024"]
[BlackElo "2119"]
[PlyCount "57"]
[EventDate "2016.08.18"]

1. e4 c6 2. Nc3 d5 3. Nf3 Bg4 4. h3 Bxf3 5. Qxf3 e6 6. Be2 Bc5 7. O-O Ne7 8. d3
Nd7 9. Bg5 O-O 10. Rad1 f6 11. Bc1 f5 12. exd5 exd5 13. d4 Bd6 14. Bd3 Kh8 15.
Bg5 Nf6 16. Bxf6 Rxf6 17. Ne2 Ng6 18. Ng3 f4 19. Nf5 Bc7 20. Qg4 Qf8 21. Rde1
Qf7 22. h4 f3 23. g3 c5 24. h5 c4 25. hxg6 Rxg6 26. Qh3 Ba5 27. Nd6 Qg8 28.
Bxg6 Bxe1 29. Nf7+ 1-0

[Event "European Youth Chess Championship B12"]
[Site "Prague, Top Hotel Prague"]
[Date "2016.08.24"]
[Round "6.6"]
[White "Subelj, Jan"]
[Black "Tanriverdi, Enes"]
[Result "1-0"]
[WhiteElo "2088"]
[BlackElo "1991"]
[PlyCount "83"]
[EventDate "2016.08.18"]

1. e4 c5 2. Nf3 e6 3. d4 cxd4 4. Nxd4 Nc6 5. Nb5 d6 6. c4 Nf6 7. N1c3 Be7 8.
Be2 O-O 9. Bf4 Ne5 10. c5 Ng6 11. Bxd6 Bd7 12. O-O Bc6 13. e5 Nd7 14. Qd4 Bxd6
15. exd6 Qg5 16. g3 Qxc5 17. b4 Qb6 18. Rad1 e5 19. Qxb6 Nxb6 20. Nc7 Rab8 21.
b5 Bd7 22. a4 Rfd8 23. Ne4 Bf5 24. Nc5 Nd7 25. Nxd7 Rxd7 26. Nd5 Kf8 27. b6 a5
28. Ne3 Be6 29. Bb5 Rdd8 30. f4 exf4 31. gxf4 f5 32. Nc4 Bxc4 33. Bxc4 Rbc8 34.
Bb5 Rc5 35. Rfe1 Kf7 36. d7 Ne7 37. Rd6 Kf8 38. Rde6 Rxb5 39. Rxe7 Rb1 40. Re8+
Kf7 41. Rxb1 Rxd7 42. Re5 1-0

[Event "European Youth Chess Championship B12"]
[Site "Prague, Top Hotel Prague"]
[Date "2016.08.24"]
[Round "6.7"]
[White "Stukan, Martin"]
[Black "Trifan, Andrei Ioan"]
[Result "0-1"]
[WhiteElo "1962"]
[BlackElo "2069"]
[PlyCount "74"]
[EventDate "2016.08.18"]

1. e4 e5 2. Nf3 Nc6 3. Bb5 a6 4. Ba4 Nf6 5. O-O Be7 6. Re1 b5 7. Bb3 O-O 8. d3
d6 9. c3 Be6 10. Nbd2 Qd7 11. Bc2 d5 12. exd5 Bxd5 13. Nxe5 Nxe5 14. Rxe5 Bd6
15. Re1 Rfe8 16. f3 Rxe1+ 17. Qxe1 Re8 18. Ne4 Nxe4 19. dxe4 Qe6 20. Qd1 Bxa2
21. b3 Rd8 22. Bd2 Bf4 23. Bxf4 Rxd1+ 24. Rxd1 h5 25. Rd8+ Kh7 26. Bg5 Bxb3 27.
Bb1 Ba2 28. Bd3 Bc4 29. Bb1 Qb6+ 30. Kh1 Qg6 31. f4 Be6 32. h4 f5 33. e5 a5 34.
Rb8 Bd7 35. Rd8 Qe6 36. Rf8 Qb3 37. Bd3 Qd1+ 0-1

[Event "European Youth Chess Championship B12"]
[Site "Prague, Top Hotel Prague"]
[Date "2016.08.24"]
[Round "6.8"]
[White "Sargsyan, Sargis Vach"]
[Black "Ognean, Mihnea-Ionut"]
[Result "1-0"]
[WhiteElo "1912"]
[BlackElo "2037"]
[PlyCount "89"]
[EventDate "2016.08.18"]

1. e4 c5 2. Nf3 e6 3. d4 cxd4 4. Nxd4 a6 5. Nc3 Qc7 6. g3 Nf6 7. Bg2 d6 8. O-O
Be7 9. Be3 O-O 10. Qe2 Bd7 11. g4 g6 12. g5 Nh5 13. f4 Nc6 14. Nxc6 bxc6 15.
Na4 Rab8 16. c4 Ng7 17. Rad1 Qa5 18. b3 Bc8 19. Bd2 Qc7 20. Bc3 Re8 21. Qd2 Bf8
22. Bb4 c5 23. Ba5 Qa7 24. Bc3 Bd7 25. Nb2 Bc6 26. Nd3 Qb7 27. Nf2 Nh5 28. Bf3
Rbd8 29. Bxh5 gxh5 30. Bf6 Rd7 31. Qe2 Bg7 32. Bxg7 Kxg7 33. Qxh5 Bxe4 34. Qh6+
Kh8 35. Qf6+ Kg8 36. Ng4 d5 37. Qh6 Kh8 38. Nf6 Rg8 39. f5 Rg7 40. Nxh7 Kg8 41.
Nf6+ Kf8 42. Nxd7+ Qxd7 43. f6 Qd6 44. fxg7+ Ke7 45. g8=Q 1-0

[Event "European Youth Chess Championship B12"]
[Site "Prague, Top Hotel Prague"]
[Date "2016.08.24"]
[Round "6.9"]
[White "Biletskiy, Danylo"]
[Black "Ozenir, Ekin Baris"]
[Result "0-1"]
[WhiteElo "1796"]
[BlackElo "2030"]
[PlyCount "48"]
[EventDate "2016.08.18"]

1. Nf3 Nf6 2. c4 e6 3. g3 b6 4. Bg2 Bb7 5. O-O Be7 6. b3 d5 7. Bb2 O-O 8. Qc2
Nbd7 9. Nc3 c5 10. cxd5 exd5 11. d4 Rc8 12. Rac1 Ne4 13. Qd3 Bf6 14. e3 Qe7 15.
Rfd1 Rfd8 16. Nd2 Re8 17. dxc5 Ndxc5 18. Qb1 Nxf2 19. Nf1 Nxd1 20. Rxd1 Ne4 21.
Nxd5 Bxd5 22. Rxd5 Nc3 23. Bxc3 Rxc3 24. Rd3 Qc5 0-1

[Event "European Youth Chess Championship B12"]
[Site "Prague, Top Hotel Prague"]
[Date "2016.08.24"]
[Round "6.10"]
[White "Ahmadzada, Ahmad"]
[Black "Abelakiotis, Stavros"]
[Result "1-0"]
[WhiteElo "2113"]
[BlackElo "1784"]
[PlyCount "107"]
[EventDate "2016.08.18"]

1. e4 c5 2. Nf3 Nc6 3. d4 cxd4 4. Nxd4 Nf6 5. Nc3 d6 6. Bc4 Qb6 7. Nxc6 bxc6 8.
O-O e5 9. b3 Be7 10. Bd3 O-O 11. Na4 Qc7 12. c4 Be6 13. Bb2 Nd7 14. Qd2 f5 15.
exf5 Bxf5 16. Bxf5 Rxf5 17. Rad1 Nb6 18. Nc3 Rd8 19. Qc2 Qc8 20. c5 dxc5 21.
Rxd8+ Bxd8 22. Ne4 Be7 23. Nxc5 Nd5 24. Ne4 Qa6 25. Rc1 Nf4 26. Qc4+ Qxc4 27.
Rxc4 Nd3 28. Bc1 Rf8 29. Rxc6 Nxc1 30. Rxc1 Rd8 31. Kf1 Rd7 32. Ke2 Kf7 33. Rc6
Rb7 34. Nd2 Rd7 35. Nc4 Bf6 36. f3 Ke7 37. Ra6 Bg5 38. Nxe5 Rd2+ 39. Kf1 Rd1+
40. Kf2 Rd2+ 41. Kg3 Be3 42. Nc4 Bf2+ 43. Kh3 Rd5 44. Ra5 Rxa5 45. Nxa5 Kd6 46.
g3 Kc5 47. Kg2 Be1 48. Nc4 Kd4 49. Kf1 Bb4 50. Ke2 Kc3 51. Ke3 a5 52. Ke4 a4
53. Nb6 axb3 54. Nd5+ 1-0

[Event "European Youth Chess Championship B12"]
[Site "Prague, Top Hotel Prague"]
[Date "2016.08.24"]
[Round "6.11"]
[White "Antonica, Dragos-Andrei"]
[Black "Pogosyan, Stefan"]
[Result "0-1"]
[WhiteElo "1946"]
[BlackElo "2200"]
[PlyCount "65"]
[EventDate "2016.08.18"]

1. Nf3 Nf6 2. d4 e6 3. e3 b6 4. Nbd2 Bb7 5. Bd3 Be7 6. O-O O-O 7. c4 c5 8. b3
cxd4 9. exd4 d6 10. Bb2 Nbd7 11. Re1 Rc8 12. Qe2 Re8 13. Nf1 Bf8 14. Bc2 Qc7
15. Ne3 Qb8 16. Rac1 Qa8 17. Nd2 g6 18. f3 Bg7 19. Bb1 d5 20. Nd1 Nh5 21. Nf2
Nf4 22. Qf1 e5 23. g3 Nh5 24. Qh3 Rcd8 25. dxe5 Nxe5 26. Bxe5 Bxe5 27. f4 Bd4
28. Rxe8+ Rxe8 29. Qf1 Nf6 30. Qd3 Be3 31. h3 dxc4 32. Rxc4 Bh1 33. Qf1 0-1

[Event "European Youth Chess Championship B12"]
[Site "Prague, Top Hotel Prague"]
[Date "2016.08.24"]
[Round "6.12"]
[White "Tsvetkov, Andrey"]
[Black "Pedoson, Georg Aleksander"]
[Result "1-0"]
[WhiteElo "2096"]
[BlackElo "1944"]
[PlyCount "79"]
[EventDate "2016.08.18"]

1. d4 Nf6 2. c4 e6 3. Nc3 Bb4 4. e3 O-O 5. Nge2 d5 6. a3 Be7 7. cxd5 exd5 8. g3
Re8 9. Bg2 c6 10. O-O Bd6 11. Qc2 h5 12. f3 c5 13. Rd1 Nc6 14. dxc5 Bxc5 15.
Nxd5 Bd6 16. b3 Nxd5 17. Rxd5 Be6 18. Rd1 Qe7 19. Bb2 Rac8 20. Qd3 Red8 21. Nd4
Nxd4 22. exd4 h4 23. f4 hxg3 24. hxg3 Qd7 25. Rd2 Bf5 26. Qf3 Rc7 27. Rc1 Rdc8
28. Rxc7 Rxc7 29. Kh2 a6 30. d5 f6 31. b4 Qc8 32. Qf2 Qd7 33. Qd4 Qf7 34. Qb6
Qd7 35. Bd4 Rc8 36. Bc5 Bf8 37. d6 Rb8 38. Qc7 Qxc7 39. dxc7 Rc8 40. Bb6 1-0

[Event "European Youth Chess Championship B12"]
[Site "Prague, Top Hotel Prague"]
[Date "2016.08.24"]
[Round "6.13"]
[White "Ceres, Dragos"]
[Black "Musyuk, Lior"]
[Result "0-1"]
[WhiteElo "1904"]
[BlackElo "2087"]
[PlyCount "56"]
[EventDate "2016.08.18"]

1. e4 c5 2. Nf3 Nc6 3. c3 d5 4. exd5 Qxd5 5. d4 Bf5 6. Be3 e6 7. Na3 cxd4 8.
Nb5 O-O-O 9. Nbxd4 Bc5 10. Qa4 Nxd4 11. cxd4 Bb6 12. Bc4 Qa5+ 13. Qxa5 Bxa5+
14. Ke2 Nf6 15. Rac1 Kb8 16. Bf4+ Ka8 17. Be5 Bb6 18. h3 h6 19. Rhd1 Be4 20. b3
Bc6 21. a4 Ne4 22. Bxg7 Rhg8 23. Bxh6 Rxg2 24. Ne5 Ng3+ 25. Kd3 Rxd4+ 26. Kc3
Ne4+ 27. Kb2 Rxf2+ 28. Ka1 Nc3 0-1

[Event "European Youth Chess Championship B12"]
[Site "Prague, Top Hotel Prague"]
[Date "2016.08.24"]
[Round "6.14"]
[White "Karaoglan, Doruk"]
[Black "Morgunov, Marc"]
[Result "1-0"]
[WhiteElo "1889"]
[BlackElo "2078"]
[PlyCount "53"]
[EventDate "2016.08.18"]

1. e4 e5 2. Nf3 Nc6 3. Bc4 Bc5 4. c3 Qe7 5. d3 a6 6. Bb3 d6 7. h3 Nf6 8. Nbd2
Be6 9. Nf1 h6 10. Ng3 g5 11. Nh2 Rg8 12. Ng4 h5 13. Nh6 Rg6 14. Nhf5 Qd7 15.
Nxh5 Bxf5 16. Nxf6+ Rxf6 17. Qh5 Bg6 18. Qh8+ Ke7 19. Qxa8 Bxf2+ 20. Kd1 Bh4
21. g3 Bh5+ 22. Kc2 Rf2+ 23. Kb1 Bxg3 24. Bxg5+ f6 25. Qg8 Qe8 26. Qe6+ Kf8 27.
Bh6# 1-0

[Event "European Youth Chess Championship B12"]
[Site "Prague, Top Hotel Prague"]
[Date "2016.08.24"]
[Round "6.15"]
[White "Solomon, Asif"]
[Black "Chiriac, Daniel"]
[Result "1-0"]
[WhiteElo "2057"]
[BlackElo "1687"]
[PlyCount "58"]
[EventDate "2016.08.18"]

1. Nf3 Nf6 2. g3 Nc6 3. Bg2 e6 4. O-O d5 5. d3 Bd6 6. Nbd2 e5 7. e4 dxe4 8.
Nxe4 Nxe4 9. dxe4 Qe7 10. Be3 Be6 11. c3 O-O 12. Qe2 Rad8 13. b4 f6 14. Nd2 Qf7
15. f4 Ne7 16. a4 g6 17. Rfb1 f5 18. Nf3 Bc4 19. Qc2 exf4 20. gxf4 Bxf4 21.
Bxf4 Bd3 22. Qxd3 Rxd3 23. Ne5 Qg7 24. Nxd3 Qxc3 25. Nf2 fxe4 26. Bh6 Rf7 27.
Rd1 Nd5 28. Nxe4 Qe5 29. Rxd5 Qxd5 1-0

[Event "European Youth Chess Championship B12"]
[Site "Prague, Top Hotel Prague"]
[Date "2016.08.24"]
[Round "6.16"]
[White "Budisavljevic, Luka"]
[Black "Dobrikov, Marco"]
[Result "0-1"]
[WhiteElo "1993"]
[BlackElo "1911"]
[PlyCount "78"]
[EventDate "2016.08.18"]

1. d4 Nf6 2. Nf3 e6 3. e3 b6 4. Bd3 Bb7 5. O-O c5 6. c4 cxd4 7. exd4 d5 8. cxd5
Nxd5 9. Ne5 a6 10. Nc3 Nd7 11. Re1 Be7 12. Nxd5 Bxd5 13. Qg4 Bf6 14. Re3 g6 15.
b3 O-O 16. Ba3 Nxe5 17. dxe5 Be7 18. Bxe7 Qxe7 19. Ree1 b5 20. Rac1 Rac8 21.
Bb1 Qa3 22. Qf4 a5 23. Qd2 Rfd8 24. Rc2 Kg7 25. Qc1 Qb4 26. Rxc8 Rxc8 27. Qe3
Rc3 28. Qg5 Rxb3 29. Qc1 Qg4 30. f3 Rxf3 31. Qd2 Rf4 32. h3 Qg5 33. Qb2 Rf3 34.
Kh2 Qg3+ 35. Kg1 Qxe1+ 36. Kh2 Rf2 37. Qxf2 Qxf2 38. Be4 Bxe4 39. h4 Qxg2# 0-1

[Event "European Youth Chess Championship B12"]
[Site "Prague, Top Hotel Prague"]
[Date "2016.08.24"]
[Round "6.17"]
[White "Dudin, Gleb"]
[Black "Czernek, Tymon"]
[Result "0-1"]
[WhiteElo "1965"]
[BlackElo "1847"]
[PlyCount "76"]
[EventDate "2016.08.18"]

1. Nf3 d5 2. c4 Nc6 3. cxd5 Qxd5 4. Nc3 Qd8 5. d4 e6 6. e4 Bb4 7. Bb5 Nge7 8.
O-O O-O 9. a3 Bxc3 10. bxc3 a6 11. Ba4 b5 12. Bc2 Bb7 13. e5 Ng6 14. Qd3 Nce7
15. Bg5 h6 16. Bxe7 Qxe7 17. g3 Bxf3 18. Qxf3 Rfd8 19. Bxg6 fxg6 20. Qc6 Qd7
21. Qc5 c6 22. a4 Qd5 23. Qe7 Rd7 24. Qb4 a5 25. Qb1 Kh7 26. Rd1 Qc4 27. h4 h5
28. Qe4 Qd5 29. Qe1 Rf7 30. Qd2 Rf3 31. Rdb1 Qc4 32. axb5 cxb5 33. Qb2 Rxc3 34.
Qxb5 Qxd4 35. Kg2 Rc2 36. Rf1 Rf8 37. Kh1 Rfxf2 38. Rxf2 Qxf2 0-1

[Event "European Youth Chess Championship B12"]
[Site "Prague, Top Hotel Prague"]
[Date "2016.08.24"]
[Round "6.18"]
[White "Ingebretsen, Jens E"]
[Black "Gines, Esteo Pedro Antonio"]
[Result "1/2-1/2"]
[WhiteElo "1841"]
[BlackElo "2194"]
[PlyCount "74"]
[EventDate "2016.08.18"]

1. e4 c6 2. d4 d5 3. Nc3 dxe4 4. Nxe4 Bf5 5. Ng3 Bg6 6. h4 h6 7. Nf3 Nd7 8. h5
Bh7 9. Bd3 Bxd3 10. Qxd3 e6 11. Bd2 Ngf6 12. O-O-O Be7 13. Kb1 O-O 14. Rhe1 b5
15. Ne4 Rc8 16. Nxf6+ Nxf6 17. Ne5 Qd5 18. g4 Nd7 19. g5 hxg5 20. h6 gxh6 21.
f4 Kg7 22. fxg5 hxg5 23. Bxg5 Bxg5 24. Rg1 Nxe5 25. Rxg5+ Ng6 26. Rxd5 exd5 27.
Qa3 Rc7 28. Qd6 Rfc8 29. Rg1 a5 30. Qc5 Rb7 31. Qd6 Rcc7 32. a3 a4 33. c3 Ra7
34. Rf1 Rab7 35. Qf6+ Kg8 36. Qd8+ Kg7 37. Qf6+ Kg8 1/2-1/2

[Event "European Youth Chess Championship B12"]
[Site "Prague, Top Hotel Prague"]
[Date "2016.08.24"]
[Round "6.19"]
[White "Van, Dael Siem"]
[Black "Baum, Jonasz"]
[Result "1/2-1/2"]
[WhiteElo "2082"]
[BlackElo "1842"]
[PlyCount "83"]
[EventDate "2016.08.18"]

1. e4 c5 2. Nf3 Nc6 3. d4 cxd4 4. Nxd4 e5 5. Nb5 a6 6. Nd6+ Bxd6 7. Qxd6 Qf6 8.
Qc7 Qe7 9. Nc3 Nb4 10. Bd3 d5 11. Qb6 d4 12. Na4 Nxd3+ 13. cxd3 Nf6 14. Bd2 Nd7
15. Qa5 b5 16. Nb6 Nxb6 17. Qxb6 O-O 18. O-O Qe6 19. Qxe6 Bxe6 20. f4 f6 21.
Bb4 Rfe8 22. a4 Bg4 23. fxe5 fxe5 24. Rf2 a5 25. Bd6 Re6 26. Bc7 Re7 27. Rc2
bxa4 28. h3 Be2 29. Rxe2 Rxc7 30. Rxa4 Rb7 31. Rc2 Rb3 32. Rc5 Rxb2 33. Rxe5
Rb4 34. Raxa5 Rxa5 35. Rxa5 Rb3 36. e5 Rxd3 37. e6 Kf8 38. Rf5+ Ke8 39. Rf7 Rg3
40. Rd7 Rg6 41. g4 Rxe6 42. Rxd4 1/2-1/2